Online Catalogue and eLibrary

Historiography in a time of conflict : (Record no. 1266)

MARC details
000 -LEADER
fixed length control field 00294nam a2200097Ia 4500
008 - FIXED-LENGTH DATA ELEMENTS--GENERAL INFORMATION
fixed length control field 240331s9999 xx 000 0 und d
082 ## - DDC Classification
Class No. 303.6
Item Number - Author Mark GUN
100 ## - MAIN ENTRY--PERSONAL NAME
Personal name Gunawardana, R.A.L.H.
245 #0 - TITLE STATEMENT
Title Historiography in a time of conflict :
Remainder of title construction of thepast incontemporary Sri Lanka
942 ## - Koha item type (Biblio)
Koha item type Books in Stacks (Lending)
Holdings
Lost status Damaged status Collection code Home library Current library Shelving location Date acquired Full call number Accession Number Item type
    Lending WERC Library WERC Library Social Science Cupboard 03/31/2024 303.6 GUN 1923 Books in Stacks (Lending)

© WERC Library